<?xml version="1.0" encoding="UTF-8"?>
<record
    xmlns:xsi="http://www.w3.org/2001/XMLSchema-instance"
    xsi:schemaLocation="http://www.loc.gov/MARC21/slim http://www.loc.gov/standards/marcxml/schema/MARC21slim.xsd"
    xmlns="http://www.loc.gov/MARC21/slim">

  <leader>01761nam a2200301Ia 4500</leader>
  <datafield tag="999" ind1=" " ind2=" ">
    <subfield code="c">44011</subfield>
    <subfield code="d">44011</subfield>
  </datafield>
  <controlfield tag="001">10761</controlfield>
  <controlfield tag="003">GE_BSU</controlfield>
  <controlfield tag="005">20200506180202.0</controlfield>
  <controlfield tag="008">181216s2013ge  xx |||||||||||||| ||geo||</controlfield>
  <datafield tag="020" ind1=" " ind2=" ">
    <subfield code="a">9789941106743</subfield>
  </datafield>
  <datafield tag="040" ind1=" " ind2=" ">
    <subfield code="c">GE_BSU</subfield>
  </datafield>
  <datafield tag="041" ind1=" " ind2=" ">
    <subfield code="a">geo</subfield>
  </datafield>
  <datafield tag="080" ind1=" " ind2=" ">
    <subfield code="a">343.98(075.8) &#x10E4;-32</subfield>
  </datafield>
  <datafield tag="100" ind1=" " ind2=" ">
    <subfield code="a">&#x10E4;&#x10D0;&#x10E4;&#x10D8;&#x10D0;&#x10E8;&#x10D5;&#x10D8;&#x10DA;&#x10D8;, &#x10E8;&#x10DD;&#x10D7;&#x10D0; .</subfield>
    <subfield code="9">3829</subfield>
  </datafield>
  <datafield tag="245" ind1=" " ind2=" ">
    <subfield code="a">&#x10D9;&#x10E0;&#x10D8;&#x10DB;&#x10D8;&#x10DC;&#x10D0;&#x10DA;&#x10D8;&#x10E1;&#x10E2;&#x10D8;&#x10D9;&#x10D0; :(&#x10D6;&#x10DD;&#x10D2;&#x10D0;&#x10D3;&#x10D8; &#x10DC;&#x10D0;&#x10EC;&#x10D8;&#x10DA;&#x10D8;):&#x10D3;&#x10D0;&#x10DC;&#x10D0;&#x10E8;&#x10D0;&#x10E3;&#x10DA;&#x10D7;&#x10D0; &#x10D2;&#x10D0;&#x10DB;&#x10DD;&#x10EB;&#x10D8;&#x10D4;&#x10D1;&#x10D8;&#x10E1;&#x10D0; &#x10D3;&#x10D0; &#x10D2;&#x10D0;&#x10EE;&#x10E1;&#x10DC;&#x10D8;&#x10E1; &#x10DB;&#x10D4;&#x10D7;&#x10DD;&#x10D3;&#x10DD;&#x10DA;&#x10DD;&#x10D2;&#x10D8;&#x10D0;,&#x10E2;&#x10D4;&#x10E5;&#x10DC;&#x10D8;&#x10D9;&#x10D0;,&#x10DD;&#x10E0;&#x10D2;&#x10D0;&#x10DC;&#x10D8;&#x10D6;&#x10D0;&#x10EA;&#x10D8;&#x10D0; &#x10D3;&#x10D0; &#x10E2;&#x10D0;&#x10E5;&#x10E2;&#x10D8;&#x10D9;&#x10D0;:</subfield>
    <subfield code="b">&#x10E1;&#x10D0;&#x10EE;&#x10D4;&#x10DA;&#x10DB;&#x10EB;&#x10E6;&#x10D5;.   /</subfield>
    <subfield code="c">&#x10E8;&#x10DD;&#x10D7;&#x10D0; &#x10D2;&#x10D8;&#x10DD;&#x10E0;&#x10D2;&#x10D8;&#x10E1; &#x10EB;&#x10D4; &#x10E4;&#x10D0;&#x10E4;&#x10D8;&#x10D0;&#x10E8;&#x10D5;&#x10D8;&#x10DA;&#x10D8; ;  &#x10E0;&#x10D4;&#x10D3;.: &#x10E8;&#x10DD;&#x10D7;&#x10D0; &#x10D9;&#x10DD;&#x10D6;&#x10DB;&#x10D0;&#x10DC;&#x10D0;&#x10E8;&#x10D5;&#x10D8;&#x10DA;&#x10D8; ;  &#x10EF;&#x10D4;&#x10DB;&#x10D0;&#x10DA; &#x10D2;&#x10D0;&#x10EE;&#x10DD;&#x10D9;&#x10D8;&#x10EB;&#x10D4;.</subfield>
  </datafield>
  <datafield tag="264" ind1=" " ind2=" ">
    <subfield code="a">&#x10D7;&#x10D1;&#x10D8;&#x10DA;&#x10D8;&#x10E1;&#x10D8; :</subfield>
    <subfield code="b">&#x10DB;&#x10D4;&#x10E0;&#x10D8;&#x10D3;&#x10D8;&#x10D0;&#x10DC;&#x10D8;,</subfield>
    <subfield code="c">2013.</subfield>
  </datafield>
  <datafield tag="300" ind1=" " ind2=" ">
    <subfield code="a">608 &#x10D2;&#x10D5; .:</subfield>
    <subfield code="b">&#x10E1;&#x10E3;&#x10E0;. ;</subfield>
    <subfield code="c">24 &#x10E1;&#x10DB;.</subfield>
  </datafield>
  <datafield tag="504" ind1=" " ind2=" ">
    <subfield code="a">&#x10D1;&#x10D8;&#x10D1;&#x10DA;&#x10D8;&#x10DD;&#x10D2;&#x10E0;. &#x10E2;&#x10D4;&#x10E5;&#x10E1;&#x10E2;. &#x10E8;&#x10D4;&#x10DC;&#x10D8;&#x10E8;&#x10D5;&#x10DC;. &#x10D3;&#x10D0; &#x10D2;&#x10D5;. 587-594</subfield>
  </datafield>
  <datafield tag="520" ind1=" " ind2=" ">
    <subfield code="a">&#x10E0;&#x10D4;&#x10D6;. &#x10E0;&#x10E3;&#x10E1;. &#x10D3;&#x10D0; &#x10D2;&#x10D4;&#x10E0;&#x10DB;</subfield>
  </datafield>
  <datafield tag="546" ind1=" " ind2=" ">
    <subfield code="a">&#x10D7;&#x10D0;&#x10D5;&#x10E4;&#x10E3;&#x10E0;&#x10EA;&#x10DA;&#x10D8;&#x10E1; &#x10DB;&#x10D4;-3 &#x10D2;&#x10D5;. &#x10E1;&#x10D0;&#x10D7;. &#x10E0;&#x10E3;&#x10E1;. &#x10D3;&#x10D0; &#x10D2;&#x10D4;&#x10E0;&#x10DB;. &#x10D4;&#x10DC;</subfield>
  </datafield>
  <datafield tag="653" ind1=" " ind2=" ">
    <subfield code="a">&#x10D9;&#x10E0;&#x10D8;&#x10DB;&#x10D8;&#x10DC;&#x10D0;&#x10DA;&#x10D8;&#x10E1;&#x10E2;&#x10D8;&#x10D9;&#x10D0;</subfield>
  </datafield>
  <datafield tag="653" ind1=" " ind2=" ">
    <subfield code="a">&#x10D3;&#x10D0;&#x10DC;&#x10D0;&#x10E8;&#x10D0;&#x10E3;&#x10DA;&#x10D8;&#x10E1; &#x10D2;&#x10D0;&#x10DB;&#x10DD;&#x10EB;&#x10D8;&#x10D4;&#x10D1;&#x10D0;</subfield>
  </datafield>
  <datafield tag="653" ind1=" " ind2=" ">
    <subfield code="a">&#x10D3;&#x10D0;&#x10DC;&#x10D0;&#x10E8;&#x10D0;&#x10E3;&#x10DA;&#x10D8;&#x10E1; &#x10D2;&#x10D0;&#x10EE;&#x10E1;&#x10DC;&#x10D0;</subfield>
  </datafield>
  <datafield tag="653" ind1=" " ind2=" ">
    <subfield code="a">&#x10E1;&#x10D0;&#x10DB;&#x10D0;&#x10E0;&#x10D7;&#x10D0;&#x10DA;&#x10D8;</subfield>
  </datafield>
  <datafield tag="700" ind1=" " ind2=" ">
    <subfield code="a">&#x10D9;&#x10DD;&#x10D6;&#x10DB;&#x10D0;&#x10DC;&#x10D0;&#x10E8;&#x10D5;&#x10D8;&#x10DA;&#x10D8;, &#x10E8;&#x10DD;&#x10D7;&#x10D0; </subfield>
    <subfield code="e">&#x10E0;&#x10D4;&#x10D3;&#x10D0;&#x10E5;&#x10E2;&#x10DD;&#x10E0;&#x10D8;</subfield>
    <subfield code="9">7991</subfield>
  </datafield>
  <datafield tag="700" ind1=" " ind2=" ">
    <subfield code="a">&#x10D2;&#x10D0;&#x10EE;&#x10DD;&#x10D9;&#x10D8;&#x10EB;&#x10D4;,   &#x10EF;&#x10D4;&#x10DB;&#x10D0;&#x10DA;</subfield>
    <subfield code="e">&#x10E0;&#x10D4;&#x10D3;&#x10D0;&#x10E5;&#x10E2;&#x10DD;&#x10E0;&#x10D8;</subfield>
    <subfield code="9">7992</subfield>
  </datafield>
  <datafield tag="942" ind1=" " ind2=" ">
    <subfield code="c">BK</subfield>
    <subfield code="2">udc</subfield>
  </datafield>
  <datafield tag="952" ind1=" " ind2=" ">
    <subfield code="0">0</subfield>
    <subfield code="1">0</subfield>
    <subfield code="2">udc</subfield>
    <subfield code="4">0</subfield>
    <subfield code="6">343980758_&#x10E4;32</subfield>
    <subfield code="7">0</subfield>
    <subfield code="9">56570</subfield>
    <subfield code="a">CPL</subfield>
    <subfield code="b">CPL</subfield>
    <subfield code="c">GEN</subfield>
    <subfield code="d">2018-12-17</subfield>
    <subfield code="g">50.00</subfield>
    <subfield code="o">343.98(075.8) &#x10E4;-32</subfield>
    <subfield code="p">35131</subfield>
    <subfield code="r">2018-12-17</subfield>
    <subfield code="t">35131</subfield>
    <subfield code="w">2018-12-17</subfield>
    <subfield code="y">BK</subfield>
    <subfield code="z">50&#x10DA;. 40&#x10D7;.</subfield>
  </datafield>
  <datafield tag="952" ind1=" " ind2=" ">
    <subfield code="0">0</subfield>
    <subfield code="1">0</subfield>
    <subfield code="2">udc</subfield>
    <subfield code="4">0</subfield>
    <subfield code="6">343980758_&#x10E4;32</subfield>
    <subfield code="7">0</subfield>
    <subfield code="9">56571</subfield>
    <subfield code="a">CPL</subfield>
    <subfield code="b">CPL</subfield>
    <subfield code="c">GEN</subfield>
    <subfield code="d">2018-12-17</subfield>
    <subfield code="g">50.00</subfield>
    <subfield code="o">343.98(075.8) &#x10E4;-32</subfield>
    <subfield code="p">35132</subfield>
    <subfield code="r">2018-12-17</subfield>
    <subfield code="t">35132</subfield>
    <subfield code="w">2018-12-17</subfield>
    <subfield code="y">BK</subfield>
    <subfield code="z">50&#x10DA;. 40&#x10D7;.</subfield>
  </datafield>
  <datafield tag="952" ind1=" " ind2=" ">
    <subfield code="0">0</subfield>
    <subfield code="1">0</subfield>
    <subfield code="2">udc</subfield>
    <subfield code="4">0</subfield>
    <subfield code="6">343980758_&#x10E4;32</subfield>
    <subfield code="7">0</subfield>
    <subfield code="9">56572</subfield>
    <subfield code="a">CPL</subfield>
    <subfield code="b">CPL</subfield>
    <subfield code="c">GEN</subfield>
    <subfield code="d">2018-12-17</subfield>
    <subfield code="g">50.00</subfield>
    <subfield code="o">343.98(075.8) &#x10E4;-32</subfield>
    <subfield code="p">35133</subfield>
    <subfield code="r">2018-12-17</subfield>
    <subfield code="t">35133</subfield>
    <subfield code="w">2018-12-17</subfield>
    <subfield code="y">BK</subfield>
    <subfield code="z">50&#x10DA;. 40&#x10D7;.</subfield>
  </datafield>
  <datafield tag="952" ind1=" " ind2=" ">
    <subfield code="0">0</subfield>
    <subfield code="1">0</subfield>
    <subfield code="2">udc</subfield>
    <subfield code="4">0</subfield>
    <subfield code="6">343980758_&#x10E4;32</subfield>
    <subfield code="7">0</subfield>
    <subfield code="9">56573</subfield>
    <subfield code="a">CPL</subfield>
    <subfield code="b">CPL</subfield>
    <subfield code="c">GEN</subfield>
    <subfield code="d">2018-12-17</subfield>
    <subfield code="g">50.00</subfield>
    <subfield code="o">343.98(075.8) &#x10E4;-32</subfield>
    <subfield code="p">35134</subfield>
    <subfield code="r">2018-12-17</subfield>
    <subfield code="t">35134</subfield>
    <subfield code="w">2018-12-17</subfield>
    <subfield code="y">BK</subfield>
    <subfield code="z">50&#x10DA;. 40&#x10D7;.</subfield>
  </datafield>
  <datafield tag="952" ind1=" " ind2=" ">
    <subfield code="0">0</subfield>
    <subfield code="1">0</subfield>
    <subfield code="2">udc</subfield>
    <subfield code="4">0</subfield>
    <subfield code="6">343980758_&#x10E4;32</subfield>
    <subfield code="7">0</subfield>
    <subfield code="9">56574</subfield>
    <subfield code="a">CPL</subfield>
    <subfield code="b">CPL</subfield>
    <subfield code="c">GEN</subfield>
    <subfield code="d">2018-12-17</subfield>
    <subfield code="g">50.00</subfield>
    <subfield code="o">343.98(075.8) &#x10E4;-32</subfield>
    <subfield code="p">35135</subfield>
    <subfield code="r">2018-12-17</subfield>
    <subfield code="t">35135</subfield>
    <subfield code="w">2018-12-17</subfield>
    <subfield code="y">BK</subfield>
    <subfield code="z">50&#x10DA;. 40&#x10D7;.</subfield>
  </datafield>
  <datafield tag="952" ind1=" " ind2=" ">
    <subfield code="0">0</subfield>
    <subfield code="1">0</subfield>
    <subfield code="2">udc</subfield>
    <subfield code="4">0</subfield>
    <subfield code="6">343980758_&#x10E4;32</subfield>
    <subfield code="7">0</subfield>
    <subfield code="9">89011</subfield>
    <subfield code="a">CPL</subfield>
    <subfield code="b">CPL</subfield>
    <subfield code="c">GEN</subfield>
    <subfield code="d">2020-05-27</subfield>
    <subfield code="g">48.00</subfield>
    <subfield code="o">343.98(075.8) &#x10E4;-32</subfield>
    <subfield code="p">60525</subfield>
    <subfield code="r">2020-05-27</subfield>
    <subfield code="t">60525</subfield>
    <subfield code="w">2020-05-27</subfield>
    <subfield code="y">BK</subfield>
    <subfield code="z">48.00</subfield>
  </datafield>
</record>
